000 01067cam a22002893a 4500
001 4266
003 PGUSA
005 20140828083051.0
008 030701s2003||||xxu|||||s|||||000 | eng d
040 _aPGUSA
_beng
042 _adc
050 4 _aF1001
100 1 _aHubbard, Mina,
_d1870-1956
245 1 2 _aA Woman's Way Through Unknown Labrador
_h[electronic resource] /
_cMina Hubbard
260 _bProject Gutenberg,
_c2003
506 _aPublic domain in the USA.
516 _aElectronic text
653 _aWomen explorers -- Newfoundland and Labrador -- Labrador -- Biography
653 _aExplorers -- Newfoundland and Labrador -- Labrador -- Biography
653 _aLabrador (N.L.) -- Discovery and exploration
653 _aHubbard, Mina -- Travel -- Newfoundland and Labrador -- Labrador
653 _aLabrador (N.L.) -- Description and travel
653 _aHubbard, Leonidas, 1872-1903 -- Travel -- Newfoundland and Labrador -- Labrador
830 0 _aProject Gutenberg
_v4266
856 4 0 _uhttp://www.gutenberg.org/ebooks/4266
942 _cEB
999 _c233595
_d233595